Využívanie internetovej marketingovej komunikácie reštauračných zariadení v meste Prievidza

Využívanie služieb reštauračných zariadení neovplyvňuje len kvalita poskytovaných služieb, ale predovšetkým marketingová internetová komunikácia. Zákazník získava z prostredia internetu rýchlejšie informácie o zariadeniach, čo mu pomáha pri rozhodovaní.

Salvato in:
Dettagli Bibliografici
Autore principale: Marčeková, Radka
Natura: Capitolo di libro
Lingua:slovacco
inglese
Soggetti:
Tags: Aggiungi Tag
Nessun Tag, puoi essere il primo ad aggiungerne!!

MARC

LEADER 00000naa a2200000 4500
001 0273730
005 20210518102955.0
041 0 |a slo 
041 0 |a eng 
044 |a SK 
245 1 0 |a Využívanie internetovej marketingovej komunikácie reštauračných zariadení v meste Prievidza  |c Radka Marčeková, Dominika Zambojová 
520 |a Využívanie služieb reštauračných zariadení neovplyvňuje len kvalita poskytovaných služieb, ale predovšetkým marketingová internetová komunikácia. Zákazník získava z prostredia internetu rýchlejšie informácie o zariadeniach, čo mu pomáha pri rozhodovaní. 
610 2 0 |a reštaurácie 
610 2 0 |a internet 
610 2 0 |a komunikácia marketingová 
610 2 0 |a informácie 
610 2 0 |a ponuka 
100 1 |a Marčeková, Radka